000 00775cam a2200205ua 4500
020 _cRs 30.00
041 _aeng
_h
082 _a954.03
_bREI/TI
100 _aReisner, I M.
110 1 _a1 .
_b
_c()
245 _aTilak and the struggle for Indian Freedom /
_cI M Reisner.
_hTextual Documents
250 _a1 /
_b.
260 _aNew Delhi :
_bPeoples publishing house ,
_c1966.
300 _a682 ; .
365 _aRs 30.00
504 _a
700 1 _aGoldberg, N M.
942 _cBK
999 _c272
_d272